Largest Ethnic Groups in East Africa Countries - Statistics

General Stats
  • This quiz has been taken 172 times
  • The average score is 9 of 27
Answer Stats
Countries Ethnic groups % Correct
Djibouti Somali
92%
Somalia Somali
92%
Ethiopia Oromo
75%
Tutsi
72%
Tutsi
72%
Rwanda Hutu
69%
Burundi Hutu
69%
Amhara
66%
Eritrea Tigrinya
60%
Afar
51%
South Sudan Dinka
34%
Kenya Kikuyu
25%
Neur
25%
Luo
24%
Twa
20%
Twa
20%
Tanzania Sukuma
11%
Uganda Baganda
10%
Luhya
7%
Saho
7%
Nyamwezi
6%
Bari
3%
Chagga
3%
Banyankole
2%
Bantus
1%
Basoga
1%
Tigro
1%
No matching quizzes found
Score Distribution
Percent of People with Each Score
Percentile by Number Answered
Your Score History
You have not taken this quiz